| 000 | 00896nam a22002177a 4500 | ||
|---|---|---|---|
| 999 |
_c10381 _d10381 |
||
| 003 | AR-CdUCM | ||
| 008 | 190401b ||||| |||| 00| 0 spa d | ||
| 040 |
_aMUNICIPALIDAD PROVINCIAL DEL CUSCO _cBIBLIOTECA MUNICIPAL DEL CUSCO |
||
| 082 |
_a980 / _bIN56 / 1933 |
||
| 100 |
_aInman, Samuel Guy _927196 |
||
| 245 |
_aAmérica revolucionaria : _bconferencias y ensayos / |
||
| 260 |
_aMadrid : _bEdiciones Morata, _c1933. |
||
| 300 |
_a340 páginas ; _c18 cm. |
||
| 440 |
_aTemas de nuestro tiempo. _927197 |
||
| 505 | _aContenido: El liberal de hoy ante la revolución -- ¿Se puede salvar nuestra civilización? -- La revuelta social en la América Latina -- En aeroplano sobre los andes -- La moderna sociedad hispanoamericana ... | ||
| 650 |
_aAmérica Latina _91130 |
||
| 650 |
_aPolítica y gobierno _92693 |
||
| 650 |
_aCondiciones sociales _91132 |
||
| 942 |
_2ddc _cLIBROS |
||
| 945 | _aachl | ||